| 000 | 00381nam a2200169Ia 4500 | ||
|---|---|---|---|
| 005 | 20251020182600.0 | ||
| 008 | 200515s9999 xx 000 0 und d | ||
| 082 | _aSC/331:339.12/O36 | ||
| 110 | _aOIT | ||
| 245 | 0 | _aDesempleo y pobreza en un mundo en crisis | |
| 260 | _aGinebra | ||
| 260 | _c1985 | ||
| 300 | _a65 | ||
| 650 | _aDESEMPLEO | ||
| 650 | _aPUB OIT | ||
| 942 | _cLIB | ||
| 999 |
_c3036 _d3036 |
||